[Event "Friedrichroda op 12th"]
[Site "Friedrichroda"]
[Date "2008.08.09"]
[Round "7"]
[White "Hillgaertner, Walter"]
[Black "Maslowski, Kai"]
[Result "1/2-1/2"]
[WhiteElo "1999"]
[BlackElo "1433"]
[PlyCount "63"]
[EventDate "2008.08.06"]
[EventType "swiss"]
[EventRounds "7"]
[EventCountry "GER"]
[SourceTitle "CBM 126 Extra"]
[Source "ChessBase"]
[SourceDate "2008.11.05"]
[SourceVersion "1"]
[SourceVersionDate "2008.11.05"]
[SourceQuality "1"]
[WhiteTeam "Attikis Aspropirgos (W)"]
[BlackTeam "Attikis Aspropirgos (W)"]
[WhiteTeamCountry "GRE"]
[BlackTeamCountry "GRE"]

1. d4 Nf6 2. Nf3 g6 3. Bf4 d5 4. e3 Bg7 5. Be2 0-0 6. c3 Bf5 7. Qb3 b6 8. Nbd2 Nbd7 9. Ne5 Nxe5 10. Bxe5 Ne4 11. Nf3 c5 12. Bxg7 Kxg7 13. 0-0 Bg4 14. Qd1 Bxf3 15. Bxf3 Nf6 16. Qe2 a5 17. Rad1 c4 18. Rfe1 e6 19. e4 Re8 20. Qd2 Re7 21. exd5 exd5 22. Re5 Qd6 23. Rde1 Rae8 24. Qe3 Re6 25. g3 a4 26. a3 b5 27. Rxe6 Qxe6 28. Qxe6 Rxe6 29. Rxe6 fxe6 30. Kf1 Ne8 31. Ke2 Kf6 32. Ke3 1/2-1/2

[Event "Friedrichroda op 12th"]
[Site "Friedrichroda"]
[Date "2008.08.06"]
[Round "1"]
[White "Stiefel, Roland"]
[Black "Maslowski, Kai"]
[Result "1-0"]
[WhiteElo "2056"]
[BlackElo "1433"]
[PlyCount "55"]
[EventDate "2008.08.06"]
[EventType "swiss"]
[EventRounds "7"]
[EventCountry "GER"]
[SourceTitle "CBM 126 Extra"]
[Source "ChessBase"]
[SourceDate "2008.11.05"]
[SourceVersion "1"]
[SourceVersionDate "2008.11.05"]
[SourceQuality "1"]
[WhiteTeam "Attikis Aspropirgos (W)"]
[BlackTeam "Attikis Aspropirgos (W)"]
[WhiteTeamCountry "GRE"]
[BlackTeamCountry "GRE"]

1. f4 c5 2. Nf3 e6 3. b3 b5 4. Bb2 Nf6 5. e3 a6 6. Be2 d5 7. a4 b4 8. 0-0 Nbd7 9. d3 Qb6 10. Kh1 Bd6 11. Ne5 0-0 12. Bf3 Bb7 13. Nd2 a5 14. Qe1 Rfd8 15. Qg3 Bxe5 16. fxe5 Ne8 17. Bh5 f5 18. exf6 Nexf6 19. Bxf6 Nxf6 20. Rxf6 Rf8 21. Raf1 c4 22. Rxf8+ Rxf8 23. Rxf8+ Kxf8 24. dxc4 dxc4 25. Nxc4 Qc5 26. Qb8+ Qc8 27. Qxc8+ Bxc8 28. Nxa5 1-0

[Event "GER-chT WK 3 U16"]
[Site "Kiel"]
[Date "2007.05.17"]
[Round "4.3"]
[White "Maslowski, Kai"]
[Black "Kuring, Marcel"]
[Result "1-0"]
[WhiteElo "1308"]
[BlackElo "1036"]
[PlyCount "63"]
[EventDate "2007.05.17"]
[EventType "team-swiss"]
[EventRounds "7"]
[EventCountry "GER"]
[SourceTitle "EXT 2008"]
[Source "ChessBase"]
[SourceDate "2007.11.25"]
[SourceVersion "1"]
[SourceVersionDate "2007.11.25"]
[SourceQuality "1"]

1. d4 d5 2. c4 c6 3. cxd5 cxd5 4. Nc3 Nf6 5. Bg5 h6 6. Bh4 Nc6 7. Nf3 Bf5 8. e3 a6 9. Qb3 Qd7 10. Bxf6 exf6 11. Qxd5 Qxd5 12. Nxd5 Bd6 13. Be2 0-0 14. 0-0 Be6 15. Nc3 Nb4 16. a3 Nd5 17. Ne4 Be7 18. Nc5 Rab8 19. Bc4 Rfd8 20. h3 Nc7 21. Bxe6 Nxe6 22. Rac1 Bxc5 23. dxc5 Rdc8 24. b4 a5 25. Nd4 Rc7 26. Rfd1 Rbc8 27. Nb5 Re7 28. Rd2 Rc6 29. Nd6 b6 30. Rcd1 Nc7 31. cxb6 Rxb6 32. bxa5 1-0

[Event "GER-chT WK 3 U16"]
[Site "Kiel"]
[Date "2007.05.17"]
[Round "7.3"]
[White "Maslowski, Kai"]
[Black "Werchowskij, Michael"]
[Result "1-0"]
[WhiteElo "1308"]
[BlackElo "910"]
[PlyCount "93"]
[EventDate "2007.05.17"]
[EventType "team-swiss"]
[EventRounds "7"]
[EventCountry "GER"]
[SourceTitle "EXT 2008"]
[Source "ChessBase"]
[SourceDate "2007.11.25"]
[SourceVersion "1"]
[SourceVersionDate "2007.11.25"]
[SourceQuality "1"]

1. d4 d5 2. c4 e6 3. cxd5 exd5 4. Bf4 Nc6 5. Nc3 Bb4 6. e3 Nf6 7. Nf3 Ne4 8. Qc2 Bf5 9. Bd3 0-0 10. 0-0 Re8 11. Ne5 Qf6 12. Nxe4 dxe4 13. Bxe4 Bxe4 14. Qxe4 Bd6 15. Rab1 Rab8 16. Rfc1 Nxe5 17. dxe5 Bxe5 18. Bxe5 Rxe5 19. Qd4 Ra8 20. Rxc7 b6 21. Rd1 Ree8 22. Qd7 Rad8 23. Qa4 b5 24. Qb3 Qe6 25. Rxd8 Rxd8 26. g3 Qxb3 27. axb3 a6 28. Ra7 f6 29. Rxa6 Rd3 30. Rc6 Rxb3 31. Rc2 Kf7 32. Rd2 Ke6 33. Kf1 Ke5 34. Ke2 Ke4 35. Kd1 Kf3 36. Kc2 Rb4 37. Kc3 Re4 38. Rd4 Re5 39. Rd2 Kg2 40. f4+ Kf3 41. fxe5 fxe5 42. b3 Kxe3 43. Rd5 b4+ 44. Kxb4 e4 45. Re5 Kd4 46. Re7 e3 47. Ka5 1-0